| 000 | 00791nam0a22002531 4500 | ||
|---|---|---|---|
| 001 | rc\2725448 | ||
| 005 | 20250806210201.0 | ||
| 035 | _a(NLR Aleph) 006852941 | ||
| 090 |
_a6927 _c6927 |
||
| 100 | _a20110915d1943 u y0rusy50 ca | ||
| 101 | 0 | _arus | |
| 102 | _aRU | ||
| 105 | _ay z ||||| | ||
| 200 | 1 | _aКак получить ранний урожай картофеля | |
| 210 |
_aКазань _cТатгосиздат _d1943 |
||
| 215 |
_a24 с., без обл. _d17 см. |
||
| 700 | 1 |
_aДемидович _bА.Ф. _f1897- _gАлександр Федорович |
|
| 801 | 0 |
_aRU _bNLR _gpsbo |
|
| 801 | 1 |
_aRU _bELAR _2rusmarc |
|
| 852 |
_aNLR _jС50 Г-2/153 |
||
| 942 | _cBOOK | ||
| 945 | _aРоссийская национальная библиотека | ||
| 980 | _aNB | ||
| 980 | _aBV | ||